مكتبة جامعة عجلون الوطنية

فهرس بحث المكتبة

Normal view MARC view
  • العقل-الادراك-التخاطر

Entry Topical Term

Number of records used in: 1

001 - CONTROL NUMBER

  • control field: 21635

003 - CONTROL NUMBER IDENTIFIER

  • control field: JO-AjAnu

005 - DATE AND TIME OF LATEST TRANSACTION

  • control field: 20230606073739.0

008 - FIXED-LENGTH DATA ELEMENTS

  • fixed length control field: 230606|| aca||aabn | a|a d

040 ## - CATALOGING SOURCE

  • Original cataloging agency: JO-AjAnu
  • Transcribing agency: JO-AjAnu

150 ## - HEADING--TOPICAL TERM

  • Topical term or geographic name entry element: العقل-الادراك-التخاطر

670 ## - SOURCE DATA FOUND

  • Source citation: Work cat.: (JO-AjAnu)11116: غوديس ، غروسيت ، رمو،احمد/ترجمة, author 21634, من أسرار العقل:الاستبصار-التجارب خارج الجسد-الاشباح الضاجة-الادراك المسبق-الحركة النفسية-التخاطر=Mind Over Matter